00780nam a22002537a 4500003000900000001000800009007000300017008003600020090001800056942000700074040003800081245016700119300001200286955000600298041000800304080001200312020001800324260002100342246001200363044000700375650000800382999001900390952011700409UA-OsUOA 27018 ta20040614b un ||||| |||| 00| 0 ukr d a303.683bЕ88 cBK aUA-OsUOAbukrcUA-OsUOAdUA-OsUOA aЕтногенез та етнічна істроія населення українських КарпатbАрхеологія та антропологія a608 с. a0 aukr a303.683 a966-02-0154-0 aЛьвівc199931aТ. 1n aUA 72UDC c313355d313355 00102udc4070a101b101d2004-06-14g10.00i79554l0o303.683 Е88p79554r2021-11-08 00:00:00w2004-06-14yBK